00429nam a2200169Ia 4500003000400000008004100004040001600045082001500061100001600076245005100092260004600143300001000189650001500199650001700214650001400231650001400245GCL140319s9999 xx 000 0 eng d aGCL / cGCL04a128.4bW W1 aWELLS, H.G.10aTHE WORK, WEALTH AND HAPPINESS / cWELLS, H.G. a[S.N] : bWILLIAM HEINEMANN LTD ، c1932 a850 P04aPHILOSOPHY04aEPIDEMIOLOGY04aCAUSATION04aHUMANKIND